Σιβιτανίδειος δημόσια σχολή τεχνών & επαγγελμάτων

Αποθηκεύτηκε σε:
Λεπτομέρειες βιβλιογραφικής εγγραφής
Συγγραφή απο Οργανισμό/Αρχή: Σιβιτανίδειος Δημόσια σχολή τεχνών & επαγγελμάτων
Μορφή: Βιβλίο
Γλώσσα:Greek
Δημοσίευση: Εν Αθήναις : [χ.ό], 1935.
Θέματα:
Ετικέτες: Προσθήκη ετικέτας
Δεν υπάρχουν, Καταχωρήστε ετικέτα πρώτοι!

MARC

LEADER 00000cam a2200000 i 4500
001 1/59666
008 141112s1935 gr | ||| |||| ||gre||
035 |l 10119737 
040 |a GR-MyUA  |b gre  |e AACR2 
041 0 |a gre 
082 0 |a 370.11309495  |2 (23) 
110 2 |a Σιβιτανίδειος  |b Δημόσια σχολή τεχνών & επαγγελμάτων. 
245 1 0 |a Σιβιτανίδειος δημόσια σχολή τεχνών & επαγγελμάτων 
246 3 3 |a Σιβιτανίδειος δημόσια σχολή τεχνών και επαγγελμάτων 
260 |a Εν Αθήναις :   |b [χ.ό],   |c 1935.  
300 |a 57 σ. :   |b πίν. ;   |c 23 εκ.  
500 |a Ιδρυθείσα εν Αθήναις τω 1928.  
650 0 0 |a Vocational education  |z Greece. 
650 0 0 |a Schools  |z Greece  |x History. 
852 |a INST  |b SAMOS  |c PORFYRIADA  |e 20141112  |h 370.11309495 ΣΙΒ  |p 005300037162  |q 005300037162  |t NOLOAN  |y 23 
901 |a BIBL3-2014-3 
909 |a Σ  |b 185317 
970 |a ΣΙΤΖΙΜΗ  |b ΓΙΑΣΕΜΗ  |z 2014/11/12